The Greatets Showman Cast - Statistics

General Stats
  • This quiz has been taken 5 times
  • The average score is 5 of 25
Answer Stats
role Actor % Correct
PT Barnum Hugh Jackman
100%
Phillip Carlyle Zac Efron
100%
Anne Wheeler Zendaya
100%
Charity Barnum Michelle Williams
75%
Jenny Lind Rebecca Ferguson
50%
Lettie Lutz Keala Settle
25%
Caroline Barnum Austyn Johnson
0%
Mrs Carlyle Betsy Aidem
0%
Mr Carlyle Byron Jenkins
0%
Helen Barnum Cameron Seely
0%
Mr Winthrop Damian Young
0%
Eng Danial Son
0%
Young Barnum Ellis Rubin
0%
Mr. O'Malley Eric Anderson
0%
Mr Hallett Fred Lehne
0%
Queen Victoria Gayle Rankin
0%
Mrs Hallett Kathryn Meisle
0%
Mrs Stratton Linda Marie Larson
0%
James Gordon Bennett Paul Sparks
0%
Tom Thumb Sam Humphrey
0%
Young Charity Skylar Dunn
0%
Strong man Timothy Hughes
0%
Mrs. Winthrop Tina Benko
0%
Philo Barnum Will Swenson
0%
W.D. Wheeler Yahya Abdul-Mateen II
0%
No matching quizzes found
Score Distribution
Percent of People with Each Score
Percentile by Number Answered
Your Score History
You have not taken this quiz